000 00712nam a22002177a 4500
003 OSt
005 20251121135044.0
008 251121b |||||||| |||| 00| 0 eng d
020 _a0-673-39090-X.
040 _aDWCL-Main lib
_cOC
082 _22nd ed.
_aCirc. 155.6 S297a 1986
100 _aSchaie K. Warner
245 _aAdult development and aging 2nd ed.
_cSchaie K. Warner
260 _aIllinois :
_bScott Foresman and Company,
_cc1986.
300 _axv, 553 pages :
_billustration ;
_c24 cm.
504 _aIncludes bibliographical references and index.
650 _21. Adulthhood.
650 _22. Aging-Psychological aspects.
700 _aWillis, Sherry L.
942 _2ddc
_cBK-CIRC
_e2nd ed.
_kCirc.
_n0
999 _c6001
_d6001